Top 10 of everything 2012 (Record no. 302695)

MARC details
000 -LEADER
fixed length control field 00292pam a2200121a 44500
008 - FIXED-LENGTH DATA ELEMENTS--GENERAL INFORMATION
fixed length control field 230405s2012 xxu||||| |||| 00| 0 eng d
041 ## - LANGUAGE CODE
Language code of text/sound track or separate title ENG
100 ## - MAIN ENTRY--PERSONAL NAME
Personal name Caroline
245 ## - TITLE STATEMENT
Title Top 10 of everything 2012
260 ## - PUBLICATION, DISTRIBUTION, ETC.
Place of publication, distribution, etc.
Name of publisher, distributor, etc. Octopus Publication
Date of publication, distribution, etc. 2012
700 ## - ADDED ENTRY--PERSONAL NAME
Personal name AlexanderAsh
906 ## - LOCAL DATA ELEMENT F, LDF (RLIN)
a 12196
Holdings
Withdrawn status Lost status Damaged status Not for loan Collection Home library Current library Shelving location Date acquired Source of acquisition Cost, normal purchase price Total Checkouts Barcode Date last seen Price effective from Koha item type
          Matoshri Bayabai Shripatrao Kadam Kanya Mahavidyalaya, Kadegaon, Sangli Matoshri Bayabai Shripatrao Kadam Kanya Mahavidyalaya, Kadegaon, Sangli   23/01/2013 Vijaya Vitran 1395.00   KVK-S10602 18/04/2023 18/04/2023 Book